000 01056nam a22002777a 4500
999 _c286
_d286
001 001488
003 CoMeUDC001488
005 20181130181608.0
008 150821s2005 ck d fr|||| 000 0 spa d
020 _a9589768164
040 _aCO-BoUCM
_bspa
_cCoMeUDC
041 0 _aspa
082 4 _220
_a330.9861
_bG192
100 1 _aGambao Ardila, Néstor Raúl
_970931
245 1 3 _aLa economía colombiana
_bdel modelo de protección al modelo de apertura
_cNéstor Raúl Gambao Ardila
260 _c2005
_bSello Editorial Universidad de Medellin
_aMedellín (Antioquia, Colombia)
300 _a252 páginas
_bTablas, gráficos y diagramas
504 _aIncluye referencias bibliográficas
650 7 _9174
_aEconomía
_y1930-1945
_zColombia
650 7 _aDesarrollo económico
_zColombia
_928493
650 7 _aCrecimiento económico
_zColombia
_912099
650 7 _921972
_aPolítica económica
_vNeoliberal
650 7 _9174
_aEconomía
_vInternacionalización
690 _942795
_aEconomía
942 _2ddc
_a7
_cBK
_e1
_h330.9861
_mG192